000 00347 a2200157 4500
001 187972
020 _a0-582-40185-2
040 _cMagnum
100 _aAdrian-Vallance, D´arcy
240 1 0 _aGreat football stories
_lING
245 1 0 _aGreat football stories
300 _a39
362 0 _a1998
697 _aLITERATURA INGLESA
942 _cBK
999 _c187972
_d187972